000 00616cam a22002172 4500
001 0000000761
005 20151217151756.0
008 070219s xx 000 0 eng d
020 _a0854768572 :
_cKES 990
040 _aKABU
_cKABU
050 0 _aBX8495
_b.W5P65
100 1 _aPollock, John.
_@0000149098
245 1 0 _aWesley the preacher /
_cJohn pollock.
260 _aEastbourine :
_bKingsway,
_c2000.
300 _a270 p.; 20cm.
500 _aIncludes index.
600 1 0 _aWesley, John,
_d1703-1791.
_@0000149099
908 _a070219
950 _@1
999 _c4895
_d4895